Ventas: manual práctico

Guardado en:
Detalles Bibliográficos
Autores principales: Russell, Frederick A (Autor), Beach, Frank H (Autor), Buskirk, Richard H (Autor)
Formato: Libro
Lenguaje:español
Publicado: Ciudad de México McGraw-Hill 1985
Materias:
Etiquetas: Agregar Etiqueta
Sin Etiquetas, Sea el primero en etiquetar este registro!

MARC

LEADER 00000nam a2200000 a 4500
001 UCQ1181
003 CL-VaPUC
008 980709e19850000MX |||||||||||||||||spa|d
082 0 4 |a 658.8101  |b RUS  |2 21 
100 0 |a Russell, Frederick A  |e author  |9 414839 
700 0 |a Beach, Frank H  |e author  |9 414840 
700 0 |a Buskirk, Richard H  |e author  |9 414841 
245 1 0 |a Ventas: manual práctico 
300 |a 2 v 
942 |c BK 
945 |d 19980709 00:00:00  |a cmena 
260 |a Ciudad de México  |b McGraw-Hill  |c 1985 
650 0 |a Ventas  |9 259323 
650 0 |a Técnicas de venta  |9 338625 
650 0 |a Marketing  |9 259324 
650 0 |a Publicidad  |9 314572 
650 0 |a Consumidores  |9 315658 
650 0 |a Vendedores  |9 365637 
650 7 |a COMERCIANTE  |2 CL-VaPUC  |9 414842 
583 |a last modification  |c 19980709 00:00:00  |k Rodrigo Vera 
999 |c 272185  |d 272183 
952 |0 0  |1 0  |4 0  |6 658_810100000000000_RUS_1985  |7 0  |8 A  |9 307061  |a BIBENE  |b BIBENE  |d 2019-11-20  |h v.1  |i 1437038  |o 658.8101 RUS 1985  |p 1437038  |r 2025-01-15  |w 2019-11-20  |y BK  |k ICO 
952 |0 0  |1 0  |4 0  |6 658_810100000000000_RUS_1985  |7 0  |8 A  |9 307062  |a BIBENE  |b BIBENE  |d 2019-11-20  |h v.2  |i 1437046  |o 658.8101 RUS 1985  |p 1437046  |r 2025-01-15  |w 2019-11-20  |y BK  |k ICO